000 00682nmc a2200265 a 4500
003 AR-BaBNM
005 20251128202845.0
008 047019s1987 ||||||||||||||000 | spa||
020 _a84-348-1162-6
040 _cAR-BaBNM
100 1 _aGómez Cerdá, Alfredo
245 1 0 _aLas palabras mágicas
250 _a6ª ed.
260 _aMadrid
_bEdiciones S.M.
_c1987
300 _a83 p.
_bil.
490 0 _aEl barco de vapor
_vv. 42
500 _aRecomendado a partir de 9 años
650 4 _aLITERATURA INFANTIL
650 4 _aLIBROS PARA NINOS
650 4 _aLITERATURA DE FICCION
653 _aCUENTO MARAVILLOSO
655 _aLITERATURA
942 _cBK
998 _claura
999 _c915
_d915